Seeing differently: insights on innovation

Guardat en:
Dades bibliogràfiques
Autor principal: Brown, John Seely (Autor)
Format: Llibre
Idioma:anglès
Publicat: Boston Harvard Business Review Book 1997
Col·lecció:The Harvard Business Review Book Series
Matèries:
Etiquetes: Afegir etiqueta
Sense etiquetes, Sigues el primer a etiquetar aquest registre!

MARC

LEADER 00000nam a2200000 a 4500
001 UCH0604
003 CL-VaPUC
008 090320e19970000US |||||||||||||||||eng|d
020 |a 0875847552 
082 0 4 |a 658.514  |b BRO  |2 21 
100 0 |a Brown, John Seely  |e author  |9 534844 
245 1 0 |a Seeing differently: insights on innovation 
300 |a 245 p 
942 |c BK 
945 |d 20090320 00:00:00  |a rbrito 
260 |a Boston  |b Harvard Business Review Book  |c 1997 
650 0 |a Automatización   |9 299909 
650 0 |a Cambio tecnológico  |9 334821 
650 0 |a Productividad   |9 335972 
650 7 |a INNOVACIONES TECNOLOGICAS  |2 CL-VaPUC  |9 534846 
583 |a last modification  |c 20140401 10:56:48  |k Rodrigo Vera 
490 0 |a The Harvard Business Review Book Series 
999 |c 332886  |d 332884 
952 |0 0  |1 0  |4 0  |6 658_514000000000000_BRO_1997  |7 0  |8 A  |9 420933  |a BIBING  |b BIBING  |d 2019-11-22  |i 4514718  |o 658.514 BRO 1997  |p 4514718  |r 2025-01-20  |w 2019-11-22  |y BK  |k EII